LDR 01003naa#a2200181#i#450# 001 RU\INFRA-M\bibl\126389 005 20260629192130.1 011 ## _a2306-1731 100 ## _a20260623b2026####ek#y0rusy0150####ca 102 ## _aRU 200 1# _aФормирование общественного сознания российского общества в условиях информационных войн _eЖурнальная статья 210 1# _aМосква _cОбщество с ограниченной ответственностью «Научно-издательский центр ИНФРА-М» _d2026 215 ## _a5 с. 608 ## _aЖурнальная статья _2local 675 ## _aОбщественное мнение. Общественно-политическая деятельность.(общественные отношения). Пропаганда. Агитация. 32.019.5 _z 700 #1 _aШевченко _gО. В. 700 #1 _aИноземцев _gВ. А. 856 4# _anaukaru.ru _u